000
00328nam a22001457a 4500
003
OSt
005
20160727222343.0
008
160620b xxu||||| |||| 00| 0 eng d
040
_c
TEST
100
_9
171
_a
Berger, C. F
245
_a
SCIENCE
260
_a
BOSTON
_b
Houghton Miffin Comp.
_c
1979
300
_a
Science
942
_2
ddc
_c
BK
999
_c
140
_d
140